Information infrastructure and knowledge management platform at NUJS (Record no. 2606)

MARC details
000 -LEADER
fixed length control field 00394nam a2200121Ia 4500
008 - FIXED-LENGTH DATA ELEMENTS--GENERAL INFORMATION
fixed length control field 130320s9999 xx 000 0 und d
100 ## - MAIN ENTRY--PERSONAL NAME
Personal name Md Shamshad Alam Ansari
245 ## - TITLE STATEMENT
Title Information infrastructure and knowledge management platform at NUJS
502 ## - DISSERTATION NOTE
Degree type PGDIT
Year degree granted INT
-- Elizabeth Sherly
-- Anirban Mazumdar (NUJS)
Miscellaneous information NUJS,Kolkatta
650 ## - SUBJECT ADDED ENTRY--TOPICAL TERM
Topical term or geographic name entry element MYSQL
650 ## - SUBJECT ADDED ENTRY--TOPICAL TERM
Topical term or geographic name entry element WBNUJS
700 ## - ADDED ENTRY--PERSONAL NAME
Personal name Rengith George
Holdings
Withdrawn status Lost status Damaged status Not for loan Home library Current library Date acquired Total Checkouts Barcode Date last seen Price effective from Koha item type
        IIITM-K Kerala University of Digital Sciences, Innovation and Technology Knowledge Centre 20/03/2013   R-18 20/03/2013 20/03/2013 Project Reports